[Event "Midwest Masters"]
[Site "Chicago"]
[Date "1985.??.??"]
[Round "4"]
[White "Formanek, Edward W"]
[Black "McCambridge, Vincent"]
[Result "1/2-1/2"]
[WhiteElo "2330"]
[BlackElo "2465"]

1.d4 Nf6 2.c4 e6 3.Nc3 Bb4 4.f3 d5 5.a3 Be7 6.e4 dxe4 7.fxe4 e5 8.d5 Bc5
9.Bg5 Bd4 10.Nf3 Bxc3+ 11.bxc3 Qd6 12.Bd3 Na6 13.O-O Nc5 14.Qc2 h6 15.Bxf6 Qxf6
16.Kh1 Qe7 17.Nd2 Bd7 18.Qb1 b6 19.Nb3 Nb7 20.Bc2 O-O 21.Qd1 Rab8 22.Rf2 Rfd8
23.Kg1 Be8 24.Qf3 Rd6 25.Qe3 Rf6 26.Rxf6 Qxf6 27.Rb1 c5 28.Nd2 Nd6 29.Bd3 Bd7
30.Nf1 Qg5 31.Qxg5 hxg5 32.Ne3 f6 33.h3 Kf7 34.Kf2 Ke7 35.Ke2 Rh8 36.Rh1 Rh6
37.g4 Nf7 38.Kf3 Nh8 39.Nf5+ Bxf5 40.exf5 Nf7 41.Kg3 Nd6 42.a4 Kd7 43.Ra1 Nb7
44.Ra2 Na5 45.Bf1 Nb7 46.Kf3 Kc7 47.Ke3 Nd6 48.Rh2 Rh8 49.Ra2 Nc8 50.Rd2 Kd6
51.Rh2 Ne7 52.Bd3 Nc8  1/2-1/2

[Event "Capablanca mem-B"]
[Site "Cienfuegos"]
[Date "1985.??.??"]
[Round "8"]
[White "Huerta, Ramon"]
[Black "Hernandez, Roman"]
[Result "1/2-1/2"]
[WhiteElo "2440"]
[BlackElo "2440"]

1.d4 Nf6 2.c4 e6 3.Nc3 Bb4 4.f3 c5 5.d5 d6 6.e4 O-O 7.Ne2 b5 8.a3 Ba5 9.Ng3 bxc4
10.Bxc4 exd5 11.Bxd5 Nxd5 12.Qxd5 Be6 13.Qxa8  1/2-1/2

[Event "Capablanca mem-B"]
[Site "Cienfuegos"]
[Date "1985.??.??"]
[Round "10"]
[White "Garcia Gonzales, Guillermo"]
[Black "Csom, Istvan"]
[Result "1-0"]
[WhiteElo "2440"]
[BlackElo "2480"]

1.d4 Nf6 2.c4 e6 3.Nc3 Bb4 4.f3 d5 5.a3 Bxc3+ 6.bxc3 c5 7.e3 Nc6 8.cxd5 Nxd5
9.Ne2 cxd4 10.cxd4 f5 11.Bd2 O-O 12.Nc3 f4 13.exf4 Nxf4 14.Be3 Nd5 15.Nxd5 exd5
16.Be2 Qa5+ 17.Kf2 Qc7 18.Rc1 Qd6 19.Qb3 b6 20.Rhd1 Bd7 21.Kg1 Rae8 22.Rc3 Rf7
23.Bf1 Na5 24.Qb4 Qxb4 25.axb4 Nc4 26.Bxc4 dxc4 27.Kf2 Ba4 28.Ra1 Bb3 29.Rcc1 Rd7
30.Ra3 h6 31.h4 Kf7 32.Re1 b5 33.Ra6 Ree7 34.h5 Ba4 35.Bd2 Bc2 36.Rxe7+ Kxe7
37.Bc3 Rd5 38.Rxa7+ Kf8 39.g4 g6 40.hxg6 Bxg6 41.Ra6 Kg7 42.f4 h5 43.f5 Be8
44.Re6 Bf7 45.Re5 hxg4 46.Kg3 Rd8 47.Rxb5 Re8 48.Re5 Ra8 49.Kxg4 Ra3 50.Re3 Bd5
51.Kf4 Kf6 52.Be1 Rxe3 53.Bh4+ Kf7 54.Kxe3 c3 55.b5 c2 56.Kd2 Be4 57.b6 Ke8
58.f6 Kf7 59.d5 c1=Q+ 60.Kxc1 Bxd5 61.Kd2  1-0

[Event "Hamburg HSV"]
[Site "Hamburg"]
[Date "1985.??.??"]
[Round "?"]
[White "Behrhorst, Frank"]
[Black "Kruszynski, Wlodzimierz"]
[Result "1-0"]
[WhiteElo "2320"]
[BlackElo "2370"]

1.d4 Nf6 2.c4 e6 3.Nc3 Bb4 4.f3 d5 5.a3 Be7 6.e4 O-O 7.e5 Ne8 8.c5 b6 9.b4 a5
10.Be3 axb4 11.axb4 Rxa1 12.Qxa1 f6 13.Qa8 Bd7 14.f4 fxe5 15.fxe5 Bg5 16.Bxg5 Qxg5
17.Qxb8 Qh4+ 18.g3 Qxd4 19.Nge2 Qxb4 20.cxb6 cxb6 21.Qb7 Rf7 22.Bh3 Qc5 23.Rf1 Rxf1+
24.Kxf1 Nc7 25.Qb8+ Kf7 26.Qd8 Be8 27.Qh4 h6 28.Qd4 Ke7 29.Bg4 Na6 30.Qd3 Nb4
31.Qh7 Bf7 32.Qxg7 Nd3 33.Qf6+ Ke8 34.Bxe6 Bxe6 35.Qxe6+ Kf8 36.Qxh6+ Ke7
37.Qg5+ Ke8 38.Qg6+ Kd8 39.Qxd3  1-0

[Event "Hamburg HSV"]
[Site "Hamburg"]
[Date "1985.??.??"]
[Round "?"]
[White "Behrhorst, Frank"]
[Black "Brunner, Lucas"]
[Result "0-1"]
[WhiteElo "2320"]
[BlackElo "2290"]

1.d4 Nf6 2.c4 e6 3.Nc3 Bb4 4.f3 d5 5.a3 Bxc3+ 6.bxc3 c5 7.e3 O-O 8.Bd3 dxc4
9.Bxc4 Qc7 10.Bb3 Nc6 11.Ne2 b6 12.O-O Ba6 13.Re1 Rfd8 14.Qc2 Na5 15.Qa2 Rac8
16.Bd2 Nxb3 17.Qxb3 cxd4 18.cxd4 Qc2 19.Qa2 e5 20.Kf2 Qf5 21.Rac1 Bxe2 22.Rxc8 Qxc8
23.Rxe2 exd4 24.exd4 Rxd4 25.Re7 Rc4 26.Rxa7 h6 27.Kf1 Qc6 28.Bc3 b5 29.Be1 Nd5
30.Qe2 Rc2 31.Qd3 Rxg2 32.Bd2 Rxh2 33.Qf5 Nf6 34.Qf4 Rh5 35.Kg2 Qe6  0-1

[Event "URS-ch U26"]
[Site "Lvov"]
[Date "1985.??.??"]
[Round "?"]
[White "Moskalenko, Viktor"]
[Black "Shneider, Aleksandr"]
[Result "1/2-1/2"]
[WhiteElo "2460"]
[BlackElo "2420"]

1.d4 Nf6 2.c4 e6 3.Nc3 Bb4 4.f3 d5 5.a3 Bxc3+ 6.bxc3 c5 7.cxd5 Nxd5 8.dxc5 Qa5
9.e4 Nf6 10.Be3 O-O 11.Qb3 Na6 12.Bxa6 Qxa6 13.Ne2 e5 14.c4 Be6 15.Qb5 Bxc4
16.Qxa6 Bxa6 17.Kf2 Rac8 18.Rhd1 Rfd8 19.Nc3 Kf8 20.a4 Rxd1 21.Rxd1 b6 22.Rd6 Ke8
23.a5 Nd7 24.axb6 axb6 25.Nd5 Bb7 26.cxb6 Rc2+ 27.Kg3 Rb2 28.h4 Rb3 29.Bf2 Nf6
30.Nxf6+ gxf6 31.Kh2 Rb2 32.Be3 Re2 33.Bc5 f5 34.exf5 Bxf3 35.Kg3 Be4 36.f6 Rxg2+
37.Kh3 Rb2 38.Rd1 Rb5 39.Be7 Bf5+ 40.Kg3 Bd7 41.Ra1 Bc6 42.Rd1 Bd7 43.Rd6 Rb3+
44.Kf2 e4 45.h5 Rf3+  1/2-1/2

[Event "URS-ch U26"]
[Site "Lvov"]
[Date "1985.??.??"]
[Round "?"]
[White "Moskalenko, Viktor"]
[Black "Novikov, Igor A"]
[Result "0-1"]
[WhiteElo "2460"]
[BlackElo "2460"]

1.c4 Nf6 2.d4 e6 3.Nc3 Bb4 4.f3 c5 5.a3 Bxc3+ 6.bxc3 d6 7.e4 Nc6 8.Bd3 cxd4
9.cxd4 Nxd4 10.Ne2 Nxe2 11.Qxe2 Nd7 12.O-O e5 13.f4 Qe7 14.f5 Nc5 15.Bc2 Bd7
16.Be3 Bc6 17.Rad1 O-O-O 18.Qe1 f6 19.Qa5 b6 20.Qe1 Qb7 21.Bxc5 dxc5 22.Rd5 Rhe8
23.Qc3 Bxd5 24.cxd5 Qa6 25.Rb1 Re7 26.a4 Rc7 27.Rb5 c4 28.Qb4 Rc5 29.Rxc5+ bxc5
30.Qxc5+ Kb8 31.a5 Rc8 32.Qb4+ Qb7 33.Qd6+ Qc7 34.Qb4+ Ka8 35.d6 Qb7 36.Qd2 Qb5
37.Kf2 Rd8 38.Kf3 Rd7 39.a6 Qc5  0-1

[Event "Mendrisio op"]
[Site "Mendrisio"]
[Date "1985.??.??"]
[Round "?"]
[White "Franic, Milan"]
[Black "Vujovic, Milorad"]
[Result "0-1"]
[WhiteElo "2335"]
[BlackElo "2370"]

1.d4 Nf6 2.c4 e6 3.Nc3 Bb4 4.f3 c5 5.d5 d6 6.e4 exd5 7.cxd5 O-O 8.Bg5 h6
9.Bh4 Nbd7 10.a3 Ba5 11.Ne2 b5 12.a4 a6 13.Bg3 Nb6 14.axb5 axb5 15.Kf2 b4
16.Nb5 Nc4 17.Nc1 Nxb2 18.Qc2 c4 19.Nd4 Qb6 20.Nb3 cxb3 21.Qxb2 Qc5 22.Rc1 Bb6
23.Rxc5 Ra2 24.Qxa2 bxa2 25.Bc4 Bxc5 26.Ke3 Bd7 27.Ra1 Rb8 28.Bb3 Ba4 29.Bxa2 b3
30.Kd3 bxa2 31.Nf5 Rb2 32.Nxd6 Nd7 33.Nc4 Bb5 34.Kc3 Rb1 35.Rxa2 Rc1+  0-1

[Event "Nikea op"]
[Site "Nikea"]
[Date "1985.??.??"]
[Round "?"]
[White "Psaras, Stilianos"]
[Black "Lirindzakis, Timotheos"]
[Result "0-1"]
[WhiteElo "2230"]
[BlackElo "2330"]

1.d4 Nf6 2.c4 e6 3.Nc3 Bb4 4.f3 c5 5.d5 Bxc3+ 6.bxc3 d6 7.e4 e5 8.Bd3 Nbd7
9.Ne2 Nf8 10.O-O Ng6 11.Bd2 O-O 12.Qe1 Nh5 13.Qf2 Nhf4 14.Nxf4 exf4 15.g3 Qf6
16.Rfd1 Bd7 17.a4 Rae8 18.a5 fxg3 19.Qxg3 Ne5 20.Be2 Qg6 21.Re1 f5 22.f4 Qh6
23.fxe5 Qxd2 24.e6 Bxe6 25.dxe6 Rxe6 26.Rad1 Qh6 27.exf5 Rxf5 28.Bg4 Rxe1+
29.Rxe1 Rf6 30.Re8+ Kf7 31.Qe1 Qg5 32.Re7+ Kf8 33.Re8+ Kf7 34.Qe7+ Kg6 35.Qe4+ Kf7
36.h4 Qc1+ 37.Kh2 Rf2+ 38.Kg3 Qg1+  0-1

[Event "Sarajevo"]
[Site "Sarajevo"]
[Date "1985.??.??"]
[Round "1"]
[White "Nogueiras, Jesus"]
[Black "Sax, Gyula"]
[Result "1-0"]
[WhiteElo "2545"]
[BlackElo "2565"]

1.d4 Nf6 2.c4 e6 3.Nc3 Bb4 4.f3 d5 5.a3 Be7 6.cxd5 Nxd5 7.e4 Nxc3 8.bxc3 c5
9.Bd3 Nc6 10.Ne2 O-O 11.Be3 cxd4 12.cxd4 Qa5+ 13.Kf2 b5 14.Qd2 Bd7 15.Rhb1 a6
16.Qxa5 Nxa5 17.Bd2 Nc6 18.a4 bxa4 19.Rb7 Rfd8 20.Bc2 Bc8 21.Rc7 Nxd4 22.Nxd4 Bf6
23.Bc3 Bxd4+ 24.Bxd4 Rxd4 25.Bxa4 Kf8 26.e5 Rb8 27.Rb1 Ra8 28.Bc6 Rc4 29.Rd1 Rc2+
30.Kg3 g5 31.Rd8+ Kg7 32.Rdxc8 Rxc8 33.Rxc8 a5 34.Bb7 Rxc8 35.Bxc8 a4 36.Ba6 a3  1-0

[Event "Sochi"]
[Site "Sochi"]
[Date "1985.??.??"]
[Round "?"]
[White "Arkhipov, Sergey"]
[Black "Eingorn, Vereslav S"]
[Result "1/2-1/2"]
[WhiteElo "2550"]
[BlackElo "2525"]

1.d4 e6 2.c4 Nf6 3.Nc3 Bb4 4.f3 d5 5.a3 Bxc3+ 6.bxc3 c5 7.cxd5 Nxd5 8.dxc5 Qa5
9.e4 Nc7 10.Be3 O-O 11.Qb3 Nba6 12.Bc4 e5 13.Ne2 Be6 14.Kf2 Nxc5 15.Qb4 Qxb4
16.cxb4 Nxe4+ 17.fxe4 Bxc4 18.Rhc1 b5 19.a4 a6 20.Nc3 Ne6 21.Nd5 Bd3 22.axb5 Bxb5
23.Nc7 Nxc7 24.Rxc7 Rfe8 25.Rd1 Re6 26.Bc5 Rae8 27.Rd6 h6 28.Rxe6 Rxe6 29.Re7 Rf6+
30.Ke3 Rg6 31.g3 f6 32.Kf3 h5 33.Rc7 Kh7 34.Bf8 Rg4 35.Ke3 Be8 36.Kf3 Ba4
37.h3 Rg6 38.Bc5 Bb5 39.Kf2 Bd3 40.Rc6 Rg5 41.Kf3 Bf1 42.Kf2 Bd3 43.Kf3 Bf1
44.Kf2 Bxh3 45.Rxa6 h4 46.b5  1/2-1/2

[Event "Capablanca mem-A"]
[Site "Cienfuegos"]
[Date "1986.??.??"]
[Round "8"]
[White "Armas, Jorge"]
[Black "Barbulescu, Dan"]
[Result "0-1"]
[WhiteElo "2345"]
[BlackElo "2450"]

1.d4 Nf6 2.c4 e6 3.Nc3 Bb4 4.f3 c5 5.d5 Nh5 6.g3 O-O 7.e4 f5 8.f4 Nf6 9.e5 Ne4
10.Bd2 Bxc3 11.Bxc3 d6 12.Bg2 dxe5 13.fxe5 b5 14.d6 Bb7 15.Nf3 f4 16.cxb5 a6
17.bxa6 Rxa6 18.Qc2 Bd5 19.g4 Nc6 20.O-O Qb6 21.Kh1 Nb4 22.Qe2 Nxa2 23.Nd2 Naxc3
24.Qxa6 Qxa6 25.Rxa6 Nxd2 26.bxc3 f3 27.Rf2 fxg2+ 28.Kg1 Nf3+ 29.Kxg2 Ng5+
30.Kf1 Bc4+ 31.Ke1 Rxf2  0-1

[Event "Capablanca mem-A"]
[Site "Cienfuegos"]
[Date "1986.??.??"]
[Round "10"]
[White "Armas, Jorge"]
[Black "Sunye Neto, Jaime"]
[Result "1-0"]
[WhiteElo "2345"]
[BlackElo "2480"]

1.d4 Nf6 2.c4 e6 3.Nc3 Bb4 4.f3 c5 5.d5 d6 6.e4 O-O 7.Bg5 h6 8.Bd2 Re8 9.Nge2 Nh5
10.Qc2 exd5 11.cxd5 Nd7 12.g4 Ne5 13.O-O-O Nf6 14.Ng1 Bxc3 15.Bxc3 Bd7 16.h4 Nh7
17.g5 h5 18.f4 Ng4 19.Re1 b5 20.Nf3 b4 21.Bd2 Qa5 22.Bc4 Ba4 23.b3 Bb5 24.a4 Bxc4
25.Qxc4 Nf8 26.e5 Nd7 27.exd6 Nb6 28.Rxe8+ Rxe8 29.d7 Nxd7 30.g6 Nb6 31.gxf7+ Kxf7
32.Qc2 Nxd5  1-0

[Event "Wch U20"]
[Site "Gausdal"]
[Date "1986.??.??"]
[Round "3"]
[White "Arencibia, Walter"]
[Black "Agdestein, Simen"]
[Result "1-0"]
[WhiteElo "2335"]
[BlackElo "2545"]

1.d4 Nf6 2.c4 e6 3.Nc3 Bb4 4.f3 d5 5.a3 Bxc3+ 6.bxc3 c5 7.cxd5 exd5 8.e3 O-O
9.Bd3 b6 10.Ne2 Ba6 11.Bxa6 Nxa6 12.O-O Qd7 13.Ng3 cxd4 14.cxd4 Rfe8 15.Qd3 Nc7
16.a4 Ne6 17.Bd2 Rac8 18.Rfb1 Rc4 19.Qb3 Rb8 20.Qb5 g6 21.Ne4 Qd8 22.Nxf6+ Qxf6
23.Qxd5 Rc2 24.Rd1 Rd8 25.Qe4 Rc4 26.Be1 Rdc8 27.Bh4 g5 28.Bg3 Nc5 29.Qg4 Nb3
30.Rab1 Nc1 31.Rb2 Qg6 32.Qd7 h5 33.Qd6 f6 34.Qe6+ Kg7 35.Bd6 Rc2 36.Qd7+ Kh6
37.e4 Ne2+ 38.Kf1 Qg8 39.Rxc2 Rxc2 40.d5 Nc3  1-0

[Event "Hamburg HSV"]
[Site "Hamburg"]
[Date "1986.??.??"]
[Round "?"]
[White "Behrhorst, Frank"]
[Black "Scholz, Guillermo"]
[Result "1-0"]
[WhiteElo "2325"]
[BlackElo "2355"]

1.d4 Nf6 2.c4 e6 3.Nc3 Bb4 4.f3 d5 5.a3 Bxc3+ 6.bxc3 O-O 7.e3 b6 8.cxd5 exd5
9.Bd3 Ba6 10.Bxa6 Nxa6 11.Qd3 Nb8 12.Ne2 Re8 13.O-O c5 14.Ng3 Nc6 15.Bb2 Rc8
16.Rad1 c4 17.Qd2 Rc7 18.Rde1 Rce7 19.Re2 g6 20.Rfe1 h5 21.Nh1 Qd7 22.Nf2 Qf5
23.Rf1 Qg5 24.Bc1 Na5 25.Nh3 Qf5 26.e4 dxe4 27.fxe4 Nxe4 28.Qh6 Qg4 29.Rxe4  1-0

[Event "Helsinki"]
[Site "Helsinki"]
[Date "1986.??.??"]
[Round "3"]
[White "Yrjola, Jouni"]
[Black "Rantanen, Yrjo A"]
[Result "1-0"]
[WhiteElo "2440"]
[BlackElo "2395"]

1.d4 Nf6 2.c4 e6 3.Nc3 Bb4 4.f3 d5 5.a3 Bxc3+ 6.bxc3 c5 7.cxd5 Nxd5 8.dxc5 f5
9.Nh3 Qa5 10.e4 fxe4 11.Ng5 e3 12.Qd4 O-O 13.Bxe3 Nc6 14.Qd2 Rd8 15.Bd3 Nxc3
16.Rc1 Nd5 17.Bxh7+ Kf8 18.Qxa5 Nxa5 19.Kf2 Nxe3 20.Kxe3 Ke7 21.Bd3 Bd7 22.h4 Rac8
23.Ne4 Bc6 24.Rc3 Rd5 25.Nd6 Rh8 26.Be4 Rdh5 27.g3 g5 28.Bg6 R5h6 29.h5 Rf8
30.Rf1 Bd5 31.f4 gxf4+ 32.Rxf4 Rxf4 33.Kxf4 Nc6 34.Nf7 e5+ 35.Kg5 Rxg6+ 36.hxg6 Bxf7
37.gxf7 Kxf7 38.Kf5 Ke7 39.g4 Kf7 40.g5 Kg7 41.Rd3 Ne7+ 42.Kxe5 Kg6 43.Rg3 Nf5
44.Rg1  1-0

[Event "UKR-ch"]
[Site "Kiev"]
[Date "1986.??.??"]
[Round "6"]
[White "Levin, Felix"]
[Black "Huzman, Alexander"]
[Result "1/2-1/2"]
[WhiteElo "2295"]
[BlackElo "2390"]

1.d4 Nf6 2.c4 e6 3.Nc3 Bb4 4.f3 d5 5.a3 Bxc3+ 6.bxc3 c5 7.cxd5 Nxd5 8.dxc5 Qa5
9.e4 Ne7 10.Be3 Qxc3+ 11.Kf2 Nbc6 12.Bd3 O-O 13.Ne2 Qa5 14.Qb3 Ne5 15.Rhd1 Qc7
16.Kg1 Bd7 17.Nc3 Nxd3 18.Rxd3 Rad8 19.Rad1 Bc6 20.Bf4 Qa5 21.Qb4 Qxb4 22.axb4 Rxd3
23.Rxd3 a6 24.Kf2 f6 25.Bc7 Nc8 26.Ke3  1/2-1/2

[Event "Moscow"]
[Site "Moscow"]
[Date "1986.??.??"]
[Round "?"]
[White "Raicevic, Vladimir"]
[Black "Lerner, Konstantin Z"]
[Result "0-1"]
[WhiteElo "2485"]
[BlackElo "2530"]

1.d4 Nf6 2.c4 e6 3.Nc3 Bb4 4.f3 d5 5.a3 Be7 6.e3 O-O 7.c5 a5 8.Rb1 b6 9.b4 axb4
10.axb4 bxc5 11.bxc5 e5 12.dxe5 Nfd7 13.Nxd5 Nxe5 14.Bb2 Nbc6 15.f4 Bf5 16.fxe5 Bxb1
17.Nxe7+ Qxe7 18.Qxb1 Qh4+ 19.Kd1 Rfd8+ 20.Bd3 Qf2 21.Ne2 Qxe3 22.Nc1 Nb4
23.Re1 Qf2 24.Bc3 Nxd3 25.Nxd3 Qxg2 26.Kc1 Qxh2 27.e6 fxe6 28.Rxe6 Qh1+ 29.Re1 Qd5
30.Nb4 Qc4 31.Qc2 Ra3 32.Kb2 Rda8 33.Re4 Qf1 34.Re1 Qf7 35.Qd1 c6 36.Re4 Ra1
37.Qxa1 Rxa1 38.Kxa1 Qf3  0-1

[Event "Moscow"]
[Site "Moscow"]
[Date "1986.??.??"]
[Round "?"]
[White "Raicevic, Vladimir"]
[Black "Eingorn, Vereslav S"]
[Result "1/2-1/2"]
[WhiteElo "2485"]
[BlackElo "2560"]

1.d4 Nf6 2.c4 e6 3.Nc3 Bb4 4.f3 d5 5.a3 Bxc3+ 6.bxc3 c5 7.cxd5 Nxd5 8.Bd2 Nc6
9.e4 Nde7 10.Be3 Qa5 11.Qd2 O-O 12.Bd3 Rd8 13.Ne2 b6 14.Ra2 Ba6 15.Bxa6 Qxa6
16.O-O Rac8 17.Rd1 Rd7 18.Qe1 Qa4 19.Rdd2 Na5 20.Qd1 Qc6 21.dxc5 Rxd2 22.Rxd2 Qe8
23.cxb6 axb6 24.Bxb6 Nc4 25.Rd8 Rxd8 26.Qxd8 Qxd8 27.Bxd8 Nc6 28.Bc7 e5 29.a4 Kf8
30.a5 N4xa5 31.Bxa5 Nxa5 32.Kf2 Ke7 33.Ng3 g6 34.Ke2 Nc4 35.Nf1 h5 36.Kd3 Na5
37.h4 Ke6 38.g4 hxg4 39.fxg4 f5 40.gxf5+ gxf5 41.exf5+ Kxf5 42.Ng3+ Kf6 43.h5 Nb7
44.Ke3 Nd8 45.c4 Nb7 46.Ne4+ Kf5 47.Kf3 Na5 48.c5 Nb3 49.h6 Kg6 50.h7 Kxh7
51.Ng5+ Kg6 52.Ke4 Nxc5+ 53.Kxe5  1/2-1/2

[Event "Moscow"]
[Site "Moscow"]
[Date "1986.??.??"]
[Round "?"]
[White "Raicevic, Vladimir"]
[Black "Suba, Mihai"]
[Result "1-0"]
[WhiteElo "2485"]
[BlackElo "2545"]

1.d4 Nf6 2.c4 e6 3.Nc3 Bb4 4.f3 d5 5.a3 Bxc3+ 6.bxc3 b6 7.cxd5 exd5 8.e3 Bf5
9.Ne2 h5 10.h4 O-O 11.Nf4 Re8 12.Kf2 c5 13.Bd3 Qc8 14.Qc2 Bxd3 15.Qxd3 Nc6
16.Rh3 Ne7 17.Rg3 cxd4 18.Qxd4 Nf5 19.Rxg7+ Nxg7 20.Qxf6 Qd8 21.Qxd8 Rexd8
22.Bb2 Rac8 23.Rd1 d4 24.exd4 Ne6 25.Nxe6 fxe6 26.Re1 Kf7 27.g4 Rd5 28.Re2 b5
29.Kg3 a5 30.Kf4 Rf8 31.Ke4 Rh8 32.g5 Rf5 33.Bc1 Rc8 34.Bd2 Rc4 35.f4 Ra4
36.Bc1 b4 37.axb4 axb4 38.cxb4 Rxb4 39.Rc2 Rb7 40.Rc8 Ra5 41.Rc5 Ra2 42.f5 exf5+
43.Kxf5 Rg2 44.Bf4 Ra7 45.d5 Rf2 46.Rc4 Kg7 47.Ke6 Kg6 48.Be5 Rf8 49.Bc7 Re8+
50.Kd7 Re1 51.Rf4 Kg7 52.d6 Rd1 53.Ke6 Ra6 54.Rf7+ Kg6 55.Rf6+ Kg7 56.Rh6 Ra4
57.d7 Ra6+ 58.Kf5 Rf1+ 59.Ke4 Re1+ 60.Kf3 Ra3+ 61.Kf2 Rae3 62.Rf6 R1e2+ 63.Kf1 Rd2
64.d8=Q Rxd8 65.Bxd8 Re4 66.Ba5 Rxh4 67.Bc3 Kg8 68.g6 Rc4 69.Be5  1-0

[Event "Tbilisi"]
[Site "Tbilisi"]
[Date "1986.??.??"]
[Round "?"]
[White "Arkhipov, Sergey"]
[Black "Foisor, Ovidiu"]
[Result "0-1"]
[WhiteElo "2540"]
[BlackElo "2440"]

1.d4 e6 2.c4 Nf6 3.Nc3 Bb4 4.f3 c5 5.d5 Nh5 6.g3 Bxc3+ 7.bxc3 f5 8.e4 f4
9.dxe6 Qf6 10.Ne2 fxg3 11.Bg2 gxh2 12.Rxh2 g6 13.Qd5 dxe6 14.Qxc5 Nd7 15.Qc7 Qe5
16.Qxe5 Nxe5 17.Bh6 Nxc4 18.Nd4 Bd7 19.Bh3 e5 20.Ne6 Kf7 21.Ng5+ Ke7 22.Bg4 Bxg4
23.fxg4 Nf6 24.Bg7 Nxg4 25.Rh4 Rhg8 26.Rxh7 Rxg7 27.Rxg7+ Kf6 28.Rxb7 Kxg5
29.Ke2 Nd6 30.Rb4 Rh8 31.Rd1 a5 32.Ra4 Rh2+ 33.Kf1 Nxe4 34.Rxe4 Rh1+ 35.Ke2 Rxd1  0-1

[Event "Tbilisi"]
[Site "Tbilisi"]
[Date "1986.??.??"]
[Round "?"]
[White "Arkhipov, Sergey"]
[Black "Gurgenidze, Bukhuti"]
[Result "1-0"]
[WhiteElo "2540"]
[BlackElo "2440"]

1.d4 Nf6 2.c4 e6 3.Nc3 Bb4 4.f3 Bxc3+ 5.bxc3 d6 6.e4 Nfd7 7.Bd3 b6 8.f4 Nc6
9.Nf3 Na5 10.O-O Ba6 11.Qe2 Qe7 12.Be3 f5 13.Nd2 O-O 14.Rae1 Qf7 15.Bf2 g6
16.Bh4 Rfe8 17.Rf3 Bb7 18.Re3 fxe4 19.Bxe4 Qxf4 20.Bxb7 Nxb7 21.Rxe6 Rf8
22.Be7 Rf7 23.Rf1 Qh6 24.Rxf7 Kxf7 25.h4 Re8 26.Bg5 Qf8 27.Qf3+  1-0

[Event "ISL-ch"]
[Site "Akureyri"]
[Date "1987.??.??"]
[Round "4"]
[White "Karason, Askell O"]
[Black "Vidarsson, Jon G"]
[Result "0-1"]
[WhiteElo "2255"]
[BlackElo "2270"]

1.d4 Nf6 2.c4 e6 3.Nc3 Bb4 4.f3 c5 5.a3 Ba5 6.d5 O-O 7.e4 Bxc3+ 8.bxc3 e5
9.Bg5 h6 10.Be3 d6 11.Ne2 Nbd7 12.g4 Qa5 13.g5 Nh5 14.gxh6 g6 15.Qd2 Nb6
16.Ng3 Nf4 17.Bxf4 exf4 18.Nh5 gxh5 19.Qg2+ Bg4 20.Kd2 f5 21.h3 Rae8 22.hxg4 hxg4
23.exf5 g3 24.Qh3 Kh8 25.Rc1 Qa4 26.Qg4 Rg8 27.Qxf4 g2 28.Bxg2 Nxc4+  0-1

[Event "Banja Luka"]
[Site "Banja Luka"]
[Date "1987.??.??"]
[Round "10"]
[White "Raicevic, Vladimir"]
[Black "Trepp, Markus"]
[Result "0-1"]
[WhiteElo "2455"]
[BlackElo "2405"]

1.d4 Nf6 2.c4 e6 3.Nc3 Bb4 4.f3 c5 5.d5 Nh5 6.Nh3 f5 7.Bg5 Nf6 8.Qd3 exd5
9.cxd5 d6 10.a3 Bxc3+ 11.bxc3 O-O 12.c4 Nbd7 13.Qxf5 Ne5 14.Qc2 Bxh3 15.gxh3 Qe8
16.Bg2 Nh5 17.O-O Nf4 18.Qe4 Qf7 19.Rac1 Neg6 20.Bxf4 Nxf4 21.Qc2 Rae8 22.e4 Re5
23.Rcd1 Rg5 24.Rd2 Nxh3+ 25.Kh1 Nf4 26.Qd1 Qh5 27.Rdf2 Rf6 28.Qd2 Qh4  0-1

[Event "Bath zt"]
[Site "Bath"]
[Date "1987.??.??"]
[Round "?"]
[White "Botterill, George Steven"]
[Black "Chandler, Murray G"]
[Result "1-0"]
[WhiteElo "2370"]
[BlackElo "2595"]

1.d4 Nf6 2.c4 e6 3.Nc3 Bb4 4.f3 d5 5.a3 Bxc3+ 6.bxc3 O-O 7.cxd5 exd5 8.e3 b6
9.Bd3 c5 10.Ne2 Re8 11.O-O Ba6 12.Bxa6 Nxa6 13.Qd3 Nb8 14.Ng3 Nc6 15.Ra2 Rc8
16.Re2 h6 17.Bb2 Ne7 18.e4 Ng6 19.Qd2 dxe4 20.fxe4 Nh7 21.Nf5 Nh4 22.Qf4 Nxf5
23.Qxf5 Rc7 24.d5 c4 25.Bc1 Qd7 26.Qf3 Rc5 27.Qh5 f6 28.h4 Re5 29.Qf3 Nf8
30.Be3 Ra5 31.Bd4 Re8 32.Qg3 Kh7 33.Bxf6 Rxd5 34.Bd4 Ng6 35.exd5 Rxe2 36.h5 Nh8
37.Rf8 Re7 38.Qb8 Nf7 39.Rg8 Re1+ 40.Kh2 Re5  1-0

[Event "Camaguey-B"]
[Site "Camaguey"]
[Date "1987.??.??"]
[Round "?"]
[White "Armas, Jorge"]
[Black "Lebredo, Gerardo"]
[Result "0-1"]
[WhiteElo "2455"]
[BlackElo "2395"]

1.d4 Nf6 2.c4 e6 3.Nc3 Bb4 4.f3 d5 5.a3 Bxc3+ 6.bxc3 c5 7.cxd5 Nxd5 8.dxc5 Qa5
9.Qd2 Nc6 10.e4 Nc7 11.Ne2 O-O 12.Nd4 e5 13.Nxc6 bxc6 14.a4 Ne6 15.Ba3 Rd8
16.Bb4 Qc7 17.Qe3 Rb8 18.a5 Qe7 19.Rd1 Rxd1+ 20.Kxd1 Nc7 21.Kc2 h6 22.Be2 Ba6
23.Rd1 Qe6 24.Kb2 Bxe2 25.Qxe2 Nb5 26.Ka1 Qb3 27.Rb1 Qxb1+  0-1

[Event "BUL-ch"]
[Site "Elenite"]
[Date "1987.??.??"]
[Round "4"]
[White "Janakiev, Ivan"]
[Black "Semkov, Semko"]
[Result "0-1"]
[WhiteElo "2245"]
[BlackElo "2440"]

1.d4 Nf6 2.c4 e6 3.Nc3 Bb4 4.f3 d5 5.a3 Be7 6.e4 dxe4 7.fxe4 e5 8.d5 Bc5
9.Bg5 h6 10.Bh4 Bd4 11.Bd3 Nbd7 12.Nge2 Be3 13.Ng3 Nc5 14.Nh5 g5 15.Nxf6+ Qxf6
16.Rf1 Qb6 17.Bg3 Qxb2 18.Bxe5 Bg4 19.Rb1 Bxd1 20.Rxb2 Nxd3+ 21.Kxd1 Nxe5
22.Rxb7 O-O-O 23.Rb4 a6 24.Na4 Kd7 25.Ke2 Ba7 26.Rb7 Ra8 27.Rf5 Bd4 28.Rb1 Rhe8
29.c5 Ng6 30.Kd3 Be5 31.Rxf7+ Re7 32.Rf5 Bxh2 33.Rh1 Ne5+ 34.Kd4 Ng4 35.Rb1 Be5+
36.Kd3 Rae8 37.Rb7 Kc8 38.Ra7 Kb8 39.Rxa6 Bf4 40.Nc3 Nf2+ 41.Kc2 Nxe4 42.Nb5 Nxc5  0-1

[Event "Frunze"]
[Site "Frunze"]
[Date "1987.??.??"]
[Round "?"]
[White "Malaniuk, Vladimir P"]
[Black "King, Daniel J"]
[Result "1-0"]
[WhiteElo "2545"]
[BlackElo "2470"]

1.d4 Nf6 2.c4 e6 3.Nc3 Bb4 4.f3 d5 5.a3 Bxc3+ 6.bxc3 c5 7.cxd5 Nxd5 8.dxc5 f5
9.e4 fxe4 10.Qc2 Qh4+ 11.g3 Qf6 12.fxe4 O-O 13.Bg2 Qxc3+ 14.Qxc3 Nxc3 15.Bf4 Bd7
16.Rc1 Na4 17.Bd6 Rc8 18.e5 Bc6 19.Bxc6 Nxc6 20.Ne2 b6 21.cxb6 Nxb6 22.O-O Nd7
23.Nf4 Ncxe5 24.Nxe6 Rc4 25.Rce1 Nf7 26.Nc7 Rd8 27.Re7 Nf6 28.Bb4 h6 29.Nb5 a6
30.Nc7 Rc6 31.Ne6 Rd5 32.Nf4 Rd8 33.Re2 Ng5 34.Re7 Kh7 35.Kg2 Rd7 36.Re2 Nge4
37.Rfe1 Rc4 38.Ne6 Kg8 39.Nf8 Rd3 40.Ng6 Rcd4 41.Ne7+ Kh7 42.Nc6 Rd5 43.Rxe4 Nxe4
44.Rxe4 Rb3 45.Re2 Rd7 46.Na5 Rb1 47.Kf3 Rd8 48.Nc6 Rc8 49.Re6 Rc7 50.Nd4 Rd1
51.Ke4 Rc4 52.Rd6 Rh1 53.h4 Rg1 54.Kf3 Rc7 55.Ne2 Rf1+ 56.Kg2 Rf6 57.Rxf6 gxf6
58.Kf3 Kg6 59.Ke4 Rc4+ 60.Kd5 Rc2 61.Nd4 Rg2 62.Bd6 Rd2 63.Kc4 Kh5 64.Bf4 Rb2
65.a4 Kg4 66.a5 h5 67.Nb3  1-0

[Event "Frunze"]
[Site "Frunze"]
[Date "1987.??.??"]
[Round "?"]
[White "Malaniuk, Vladimir P"]
[Black "Kuzmin, Gennadi P"]
[Result "1-0"]
[WhiteElo "2545"]
[BlackElo "2470"]

1.d4 Nf6 2.c4 e6 3.Nc3 Bb4 4.f3 c5 5.d5 d6 6.e4 O-O 7.Bd3 Bxc3+ 8.bxc3 Nbd7
9.Ne2 Ne5 10.Ng3 Qa5 11.Qc2 b5 12.cxb5 exd5 13.Be2 c4 14.Bg5 Nfd7 15.Rd1 Nc5
16.Rxd5 Ncd3+ 17.Bxd3 cxd3 18.Qd2 Be6 19.Rd4 Qxb5 20.f4 Qb1+ 21.Kf2 Qb6 22.f5 Nc6
23.Be3 Nxd4 24.Bxd4 Qd8 25.Ra1 Rb8 26.fxe6 fxe6+ 27.Kg1 Qa5 28.Qxd3 Rb2 29.a4 a6
30.Qc4  1-0

[Event "Halle (Women)"]
[Site "Halle"]
[Date "1987.??.??"]
[Round "1"]
[White "Goehler, Antje"]
[Black "Prudnikova, Svetlana"]
[Result "1-0"]
[WhiteElo "2220"]
[BlackElo "2095"]

1.d4 Nf6 2.c4 e6 3.Nc3 Bb4 4.f3 c5 5.d5 Bxc3+ 6.bxc3 Nh5 7.g3 f5 8.e4 f4
9.dxe6 Qf6 10.Ne2 fxg3 11.Nxg3 Nxg3 12.hxg3 Qxc3+ 13.Bd2 Qd4 14.exd7+ Nxd7
15.Bf4 Qc3+ 16.Kf2 O-O 17.Qd5+ Kh8 18.Be2 Nf6 19.Qxc5 Be6 20.Qe3 Qc2 21.Qd3 Ng4+
22.fxg4 Qxd3 23.Bxd3 g5 24.Ke3 Rf7 25.Rh6 Bd7 26.e5  1-0

[Event "URS-FL"]
[Site "Lvov"]
[Date "1987.??.??"]
[Round "?"]
[White "Vyzmanavin, Alexey"]
[Black "Novikov, Igor A"]
[Result "1/2-1/2"]
[WhiteElo "2480"]
[BlackElo "2455"]

1.d4 Nf6 2.c4 e6 3.Nc3 Bb4 4.f3 c5 5.d5 Bxc3+ 6.bxc3 d6 7.e4 e5 8.Bd3 Nh5
9.g3 Qf6 10.Be3 g5 11.Qd2 Rg8 12.O-O-O Nd7 13.Nh3 h6 14.Nf2 Nf8 15.Ng4 Qg7
16.Bf2 Bxg4 17.fxg4 Nf6 18.h3 N8d7 19.Rdf1 O-O-O 20.Be3 Rdf8 21.Rf5 Nb6 22.Qc2 Nfd7
23.Qb3 Kc7 24.Qb5 f6 25.Qa5 Qe7 26.Kc2 Rc8 27.Be2 Ra8 28.Kd3 Raf8 29.Rb1 Kb8
30.Rh1 Kc7 31.h4 Kb8 32.Rff1 Qg7 33.h5 Qe7 34.Rb1 Kc7 35.Rb2 Ra8 36.Rhb1 Rgb8
37.Rb5 Qh7 38.Bf3 Qe7 39.Bd1 Kc8 40.Qa3 Qd8 41.Qb2 Qe7 42.Qb3 Qf8 43.Rb2 Qe7
44.Qc2 Kc7 45.Qb1 Qf8 46.Bc2 Qe7 47.Ke2 Qf8 48.Qc1 Qe7 49.Qb1 Qf8 50.a4 a5
51.Rxb6 Nxb6 52.Rxb6 Ra6 53.Bxc5 dxc5 54.d6+ Qxd6 55.Rxd6 Rxd6 56.Qg1 b6
57.Qf2 Rg8 58.Qf5 Rg7  1/2-1/2

[Event "Moscow-B"]
[Site "Moscow"]
[Date "1987.??.??"]
[Round "?"]
[White "Garcia Martinez, Silvino"]
[Black "Vyzmanavin, Alexey"]
[Result "0-1"]
[WhiteElo "2455"]
[BlackElo "2485"]

1.d4 Nf6 2.c4 e6 3.Nc3 Bb4 4.f3 c5 5.d5 d6 6.e4 O-O 7.Bg5 h6 8.Bh4 Re8 9.Be2 Bxc3+
10.bxc3 e5 11.g4 Nbd7 12.Bf2 Nf8 13.Bd3 Ng6 14.Ne2 h5 15.g5 Nh7 16.h4 f6
17.Ng3 fxg5 18.Nxh5 Rf8 19.Be2 Nxh4 20.Bxh4 gxh4 21.Rg1 g5 22.Qd2 Kh8 23.O-O-O Bd7
24.Qe1 Be8 25.f4 Bxh5 26.fxg5 Qe7 27.Qxh4 Bg6 28.Bh5 Rf4 29.Qxf4 exf4 30.Bxg6 Rg8  0-1